00361nam a2200121 a 45000010005000000030005000050050017000100080041000270400020000681000029000882450102001172600020002191515CDMR20130116135211.0130130s1975||||||||||||||||||||||||||||d aCDMRbcatcCDMR1 aAizcorbe Bausili, Benita10aHistoria y trayectoria de la política ciudadana de "Barcelona revista"cBenita Aizcorbe Bausili aBarcelonac1975